The Limits of stabilization: Infrastructure, public deficits, and growth in Latin America/ Edited by William Easterly; Luis Servén. (Record no. 138524)

MARC details
000 -CABECERA
campo de control de longitud fija 00761nam a2200217 a 4500
005 - FECHA Y HORA DE LA ÚLTIMA TRANSACCIÓN
campo de control 20210219160458.0
008 - ELEMENTOS DE LONGITUD FIJA--INFORMACIÓN GENERAL
campo de control de longitud fija 081109s2000 mx r 000 0 spa d
020 ## - NÚMERO INTERNACIONAL NORMALIZADO PARA LIBROS
Número Internacional Estándar del Libro 0821354892
035 ## - NÚMERO DE CONTROL DEL SISTEMA
Número de control de sistema UPN01000166413
049 ## - COLECCIÓN
Colección UNE
080 ## - NÚMERO DE CLASIFICACIÓN DECIMAL UNIVERSAL
Número de la Clasificación Decimal Universal 338.49 (7/8) =20 "2003" LIM.
245 04 - MENCIÓN DE TÍTULO
Título The Limits of stabilization: Infrastructure, public deficits, and growth in Latin America/ Edited by William Easterly; Luis Servén.
260 ## - PUBLICACIÓN, DISTRIBUCIÓN, ETC.
Lugar de publicación, distribución, etc. Washington, D.C:; The World Bank: Palo Alto, Calif.; Stanford University Press, 2003.
300 ## - DESCRIPCIÓN FÍSICA
Extensión xv, 209 p.; 23 cm. il.
440 #0 - MENCIÓN DE SERIE/ASIENTO SECUNDARIO--TÍTULO
Título Latin America Development Forum
690 ## - PUNTO DE ACCESO ADICIONAL DE MATERIA LOCAL--TÉRMINO DE MATERIA (OCLC, RLIN)
Término de materia o nombre geográfico como elemento inicial Equilibrio económico
690 ## - PUNTO DE ACCESO ADICIONAL DE MATERIA LOCAL--TÉRMINO DE MATERIA (OCLC, RLIN)
Término de materia o nombre geográfico como elemento inicial Sector público
690 ## - PUNTO DE ACCESO ADICIONAL DE MATERIA LOCAL--TÉRMINO DE MATERIA (OCLC, RLIN)
Término de materia o nombre geográfico como elemento inicial Sistemas económicos
690 ## - PUNTO DE ACCESO ADICIONAL DE MATERIA LOCAL--TÉRMINO DE MATERIA (OCLC, RLIN)
Término de materia o nombre geográfico como elemento inicial Sector privado
905 ## - TIPO DE MATERIAL
Tipo de material UNESCO

No items available.